00453nam a2200157Ia 450000500170000000800410001708200130005810000120007124500270008326000430011030000120015365000100016594200060017595200990018199900150028020250325070642.0240331s9999 xx 000 0 und d bSOMa894 aSomu, M 0aEllai thanda agathigal aTiruchibTamil Kural Pathipakkamc1994 a206 p., aNovel cL 001040708LaWERCLbWERCLcSSCd2024-03-31l0o 894.811 SOMp4516r2024-03-31w2024-03-31yL c3770d3770